000 00633nam a2200193Ia 4500
005 20260114185745.0
008 008 260114s9999 xx 000 0 eng d
020 _a9781501372773
037 _aEBOOK
040 _aCRL
_beng
_cCRL
041 _aeng
_2eng
084 _qCRL
100 _aMary K. Holland and Heather Hewett
_9874031
245 0 _a#MeToo and Literary Studies Reading, Writing, and Teaching about Sexual Violence and Rape Culture
260 _bBloomsbury
_c2021
856 _uhttps://doi.org/10.5040/9781501372773?locatt=label:secondary_bloomsburyCollections
942 _cEBOOK
999 _c1472967
_d1472967